MARC details
| 000 -LEADER |
| fixed length control field |
01737cam a22003375a 4500 |
| 001 - CONTROL NUMBER |
| control field |
18223973 |
| 005 - DATE AND TIME OF LATEST TRANSACTION |
| control field |
20151011143449.0 |
| 008 - FIXED-LENGTH DATA ELEMENTS--GENERAL INFORMATION |
| fixed length control field |
140712t2014 nyua frb 001 0 eng d |
| 020 ## - INTERNATIONAL STANDARD BOOK NUMBER |
| International Standard Book Number |
9781137413888 (paperback) |
| 040 ## - CATALOGING SOURCE |
| Original cataloging agency |
DLC |
| Language of cataloging |
eng |
| Transcribing agency |
DLC |
| Modifying agency |
EG-ScBUE |
| 043 ## - GEOGRAPHIC AREA CODE |
| Geographic area code |
a-is--- |
| 050 00 - LIBRARY OF CONGRESS CALL NUMBER |
| Classification number |
DS113.8.Y4 |
| Item number |
M33 2014 |
| 082 04 - DEWEY DECIMAL CLASSIFICATION NUMBER |
| Edition number |
22 |
| Item number |
MAD |
| Classification number |
305.23086912095694 |
| 100 1# - MAIN ENTRY--PERSONAL NAME |
| Personal name |
Madmoni-Gerber, Shoshana. |
| 9 (RLIN) |
38475 |
| 245 10 - TITLE STATEMENT |
| Title |
Israeli media and the framing of internal conflict : |
| Remainder of title |
the Yemenite babies affair / |
| Statement of responsibility, etc |
Shoshana Madmoni-Gerber. |
| 260 ## - PUBLICATION, DISTRIBUTION, ETC. (IMPRINT) |
| Place of publication, distribution, etc |
New York ; |
| -- |
Hampshire : |
| Name of publisher, distributor, etc |
Palgrave Macmillan, |
| Date of publication, distribution, etc |
c.2009. |
| 300 ## - PHYSICAL DESCRIPTION |
| Extent |
xvi, 228 p. : |
| Other physical details |
ill. ; |
| Dimensions |
22 cm. |
| 500 ## - GENERAL NOTE |
| General note |
Index : p. 221-228. |
| 504 ## - BIBLIOGRAPHY, ETC. NOTE |
| Bibliography, etc |
Bibliography : p. 213-219. |
| 505 0# - FORMATTED CONTENTS NOTE |
| Formatted contents note |
Present but absent : official narratives and the untold Mizrahi history -- Israeli media : history, ownership, and the politics of Mizrahi representation -- Mapping the media coverage of the Yemenite babies affair -- Media discourse : coverage, cover-up, and criticism -- Israeli media and the articulation of resistance : Rabbi Meshulam's revolt -- Multiculturalism and unity : future implications of the unresolved Yemenite babies affair. |
| 650 #0 - SUBJECT ADDED ENTRY--TOPICAL TERM |
| Topical term or geographic name as entry element |
Jews, Yemeni |
| Geographic subdivision |
Israel |
| General subdivision |
Public opinion. |
| Source of heading or term |
BUEsh |
| 650 #0 - SUBJECT ADDED ENTRY--TOPICAL TERM |
| Topical term or geographic name as entry element |
Kidnapping |
| Geographic subdivision |
Israel |
| General subdivision |
Public opinion. |
| Source of heading or term |
BUEsh |
| 650 #0 - SUBJECT ADDED ENTRY--TOPICAL TERM |
| Topical term or geographic name as entry element |
Children of immigrants |
| Geographic subdivision |
Israel |
| General subdivision |
Public opinion. |
| Source of heading or term |
BUEsh |
| 650 #0 - SUBJECT ADDED ENTRY--TOPICAL TERM |
| Topical term or geographic name as entry element |
Public opinion |
| Geographic subdivision |
Israel. |
| Source of heading or term |
BUEsh |
| 650 #0 - SUBJECT ADDED ENTRY--TOPICAL TERM |
| Topical term or geographic name as entry element |
Ashkenazim |
| Geographic subdivision |
Israel |
| General subdivision |
Attitudes. |
| Source of heading or term |
BUEsh |
| 650 #0 - SUBJECT ADDED ENTRY--TOPICAL TERM |
| Topical term or geographic name as entry element |
Jews, Oriental |
| Geographic subdivision |
Israel |
| General subdivision |
Social conditions. |
| Source of heading or term |
BUEsh |
| 650 #0 - SUBJECT ADDED ENTRY--TOPICAL TERM |
| Topical term or geographic name as entry element |
Mass media and public opinion |
| General subdivision |
Social aspects |
| Geographic subdivision |
Israel. |
| Source of heading or term |
BUEsh |
| 651 #0 - SUBJECT ADDED ENTRY--GEOGRAPHIC NAME |
| Geographic name |
Israel |
| General subdivision |
Ethnic relations. |
| Source of heading or term |
BUEsh |
| 9 (RLIN) |
9022 |
| 653 ## - INDEX TERM--UNCONTROLLED |
| Resource For college |
Communication and mass media |
| -- |
BAEPS, Political Science |
| Arrived date list |
June2015 |
| -- |
October2015 |
| 942 ## - ADDED ENTRY ELEMENTS (KOHA) |
| Source of classification or shelving scheme |
Dewey Decimal Classification |